000 00407nam a22001337a 4500
020 _a9780780360440
040 _cNust
082 _a621.3827
_bKAR
100 _aStamatios V. Kartalopoulos
_9124615
245 _aFault Detectability in DWDM
_bTowards Higher Signal Quality & System Reliability
260 _aNew York:
_bIEEE Press,
_c2001.
650 _aFault Detectability in DWDM
_9123410
942 _2ddc
_cBK
999 _c610425
_d610425